000
00217nam a22000857a 4500
008
160819b xxu||||| |||| 00| 0 eng d
100
_9
180
_a
Chopra
245
_a
Three Drama (Hindi)
260
_a
New Delhi
_b
M.N publisher
_c
2011
999
_c
2838
_d
2838